Historia de la literatura
I tiakina i:
| Kaituhi matua: | |
|---|---|
| Hōputu: | Pukapuka |
| Reo: | Pāniora |
| I whakaputaina: |
Buenos Aires
León Mirau
1891
|
| Putanga: | 2a. ed |
| Ngā marau: | |
| Ngā Tūtohu: |
Tāpirihia he Tūtohu
Kāore He Tūtohu, Me noho koe te mea tuatahi ki te tūtohu i tēnei pūkete!
|
MARC
| LEADER | 00000nam a2200000 a 4500 | ||
|---|---|---|---|
| 001 | UCJ4527 | ||
| 003 | CL-VaPUC | ||
| 008 | 070124e18910000AG |||||||||||||||||spa|d | ||
| 082 | 0 | 4 | |a 860 |b PON |2 21 |
| 100 | 0 | |a Poncelis, S. J., Manuel |e author |9 508462 | |
| 245 | 1 | 0 | |a Historia de la literatura |
| 250 | |a 2a. ed | ||
| 300 | |a 478 p | ||
| 942 | |c BK | ||
| 945 | |d 20070124 00:00:00 |a rinostro | ||
| 260 | |a Buenos Aires |b León Mirau |c 1891 | ||
| 650 | 0 | |a Literatura |9 259151 | |
| 650 | 0 | |a Historia |9 255047 | |
| 583 | |a last modification |c 20070124 00:00:00 |k Rodrigo Vera | ||
| 999 | |c 320643 |d 320641 | ||
| 952 | |0 0 |1 0 |4 0 |6 860_000000000000000_PON_1891 |7 0 |8 X |9 399200 |a FDOBUD |b FDOBUD |d 2019-11-22 |i 1020463 |o 860 PON 1891 |p 1020463 |r 2019-11-22 |w 2019-11-22 |y BK_X |k BUD | ||